Delitos de los estados, de los mercados y daǫ social debates en criminologƯ̕a crƯ̕tica y sociologƯ̕a jurd̕ico-penal /

Bibliographic Details
Other Authors: Rivera Beiras, Iąki (coord.)
Format: Book
Language:Spanish
Published: Barcelona : Anthropos, 2014.
Subjects:
Online Access:Acceso restringido

MARC

LEADER 00000cam a2200000 i 4500
005 20150724150943.0
007 cr|||| ||||
008 140423s2014 sp 000 0 spa d
017 |a D.L.B.5952-2014 
020 |a 978-84-15260-80-6 
035 |a 12738 
040 |a NoBUC-BUDC  |d SpMaUCDE  |b spa  |d BUS  |d vLex 
090 |c 5488  |d 5488 
245 0 0 |a Delitos de los estados, de los mercados y daǫ social   |h [Recurso electrn̤ico] :  |b debates en criminologƯ̕a crƯ̕tica y sociologƯ̕a jurd̕ico-penal /  |c Ik̨i Rivera Beiras (coord.) 
256 |a Servicio en ln̕ea 
260 |a Barcelona :  |b Anthropos,  |c 2014. 
300 |a 1 recurso electrn̤ico 
500 |a En este libro se presenta el debate mantenido en torno al estatuto epistemolg̤ico de la Criminologa̕ (tambiň crt̕ica) con la denuncia de su silencio acerca de las guerras, las atrocidades masivas y el daǫ social. Asimismo, se publican una serie de trabajos que han pretendido, a partir de las reflexiones indicadas, examinar algunas de las problemt̀icas ms̀ importantes que en el presente se refieren a la relacin̤ entre crisis econm̤ica, crisis democrt̀ica y produccin̤ de daǫ social. Con este conjunto de ensayos se propone una "nueva" tarea polt̕ica de la Criminologa̕ y de la Sociologa̕ jurd̕ico-penal, apostando por la capacidad imperiosa del anl̀isis interdisciplinario dando paso a un modelo realmente integrador. 
506 1 |a Contenido disponible en los productos indicados  |d vLex Global  |d vLex Global (Academic Edition, excluding Law Schools)  |d vLex Global (U.S. Academic Edition, Law Schools)  |d vLex Global (U.S. Academic Edition, excluding Law Schools)  |d vLex Global (Academic Edition, Law Schools) 
650 0 4 |a Delito contra la persona.  |z Espaą 
650 0 4 |a CriminologƯ̕a.  |z Espaą 
650 0 4 |a SociologƯ̕a jurd̕ica.  |z Espaą 
700 1 |a Rivera Beiras, Iąki.,  |e coord. 
740 0 |a vLex Libros (Servicio en ln̕ea) 
856 4 0 |u http://vlex.com/source/delitos-de-los-estados-de-los-mercados-y-da-o-social-12738  |z Acceso restringido 
942 |c BOOK 
999 0 |a Women--Crimes against 
999 0 |a Sociological jurisprudence